Managing dynamic IP networks

This book describes the requirements for a new type of Domain Name System (DNS) server implementation. These requirements are mandated by the rapid growth and dynamic nature of today's private intranets and the public Internet.

Đã lưu trong:
Bibliografiske detaljer
Hovedforfatter: Paul T Ammann
Format: Bog
Sprog:Undetermined
Udgivet: New York McGraw-Hill 2000
Fag:
Tags: Tilføj Tag
Ingen Tags, Vær først til at tagge denne postø!
Thư viện lưu trữ: Trung tâm Học liệu Trường Đại học Cần Thơ
LEADER 00787nam a2200205Ia 4500
001 CTU_37551
008 210402s9999 xx 000 0 und d
020 |b 825.000đ 
082 |a 004.68 
082 |b A518 
100 |a Paul T Ammann 
245 0 |a Managing dynamic IP networks 
245 0 |c Paul T Ammann 
260 |a New York 
260 |b McGraw-Hill 
260 |c 2000 
520 |a This book describes the requirements for a new type of Domain Name System (DNS) server implementation. These requirements are mandated by the rapid growth and dynamic nature of today's private intranets and the public Internet. 
650 |a client/server computing,extranets ( computer networks ),internet 
904 |i Minh, 000802 
980 |a Trung tâm Học liệu Trường Đại học Cần Thơ